000 00715nam a2200217Ii 4500
003 JO-AjNU
008 230605s9999||||xx |||||||||||||| ||und||
017 _a1971/3167
040 _aJO-AjNU
_bara
_erda
_cJO-AjNU
041 _aara
050 1 4 _aDS38.1 1976
100 3 _aابراهيم، محمد اسماعيل؛ مراجعة فاكري، علي محمد,
_eauthor
_936965
245 0 0 _aالخلفاء الراشدون
250 _aط1
264 3 1 _aالقاهرة: دار الفكر العربي، 1976
300 _a141ص
336 _atext
_btxt
_2rdacontent
337 _aunmediated
_bn
_2rdamedia
338 _avolume
_bnc
_2rdacarrier
650 4 _aالخلفاء الراشدون-تراجم
_936966
999 _aA15404
_c18972
_d18972